00523nam a2200181Ia 4500001001000000003000500010008004100015010001100056040000900067082002300076100001600099245006000115260003700175300001100212500005300223650002600276710003900302Para_2170CHAP220125s1986 xx 000 0 und d a198755 cCHAP aPA 633.11 W5y 1987 aWiese, M.V. aCompendio de enfermedades del trigo /c por M.V. Wiese aBuenos Aires :b Hemisferio sur a155 p. aTrad. del inglés: Compendium of wheat diseases aTrigo x enfermedades aAmerican Phytopathological Society